Central Library, Doon University
WEBOPAC (ONLINE PUBLIC ACCESS CATALOGUE)

Environmental Impact Assessment (Record no. 60721)

MARC details
000 -LEADER
fixed length control field 00516nam a22001817a 4500
005 - DATE & TIME
control field 20260423163806.0
008 - FIXED-LENGTH DATA ELEMENTS--GENERAL INFORMATION
fixed length control field 260423b |||||||| |||| 00| 0 eng d
020 ## - ISBN
International Standard Book Number 9781032557540
Price 1695.00
040 ## - CATALOGING SOURCE
Original cataloging agency Doon University
041 ## - Language
Language English
082 ## - DDC NUMBER
Classification number 333.71
Book Number ECC
100 ## - MAIN ENTRY--PERSONAL NAME
Personal name Eccleston, Charles H
245 ## - TITLE STATEMENT
Title Environmental Impact Assessment
Sub Title : A Guide to Best Professional Practices
260 ## - PUBLICATION, DISTRIBUTION, ETC. (IMPRINT)
Place of publication, distribution, etc London,
Name of publisher, distributor, etc CRC Press
Date of publication, distribution, etc 2023
300 ## - PHYSICAL DESCRIPTION
Pages 268
650 ## - Subject
Subject Environment Science (PM USHA)
942 ## - ADDED ENTRY ELEMENTS (KOHA)
Koha item type Books
100 ## - MAIN ENTRY--PERSONAL NAME
-- 26732
650 ## - Subject
-- 26725
952 ## - LOCATION AND ITEM INFORMATION (KOHA)
-- 2026-04-23
952 ## - LOCATION AND ITEM INFORMATION (KOHA)
-- 2026-04-23
952 ## - LOCATION AND ITEM INFORMATION (KOHA)
-- 2026-04-23
Holdings
Withdrawn status Lost status Source of classification or shelving scheme Damaged status Not for loan Location (home branch) Sublocation or collection (holding branch) Date acquired Koha issues (times borrowed) Koha full call number Accession No. Koha date last seen Koha item type
          Doon University Doon University 23.04.2026   333.71 ECC 32877 23.04.2026 Books
          Doon University Doon University 23.04.2026   333.71 ECC 32878 23.04.2026 Books
          Doon University Doon University 23.04.2026   333.71 ECC 32879 23.04.2026 Books
Contact : +91-135-2533126 (Library),+91-135-2533105 (Admin Office) , Email : doonlibrary@gmail.com

Powered by Koha